Départements français et leurs plus grandes villes - Statistiques

Statistiques générales
  • Ce quiz a été pris 66 fois
  • Le résultat moyen est 173 sur 402
Statistiques - réponses
Département % Correct
Marseille
89%
Nice
87%
1 Ain
83%
75 Paris
83%
2 Aisne
81%
10 Aube
81%
18 Cher
81%
Toulouse
81%
13 Bouches-du-Rhône
79%
Bourg-en-Bresse
79%
Nantes
79%
11 Aude
77%
Bordeaux
77%
La Rochelle
77%
La Roche-sur-Yon
77%
Lille
77%
Ajaccio
74%
3 Allier
74%
4 Alpes de Haute-Provence
74%
7 Ardèche
74%
9 Ariège
74%
12 Aveyron
74%
14 Calvados
74%
29 Finistère
74%
42 Loire
74%
Rennes
74%
86 Vienne
74%
6 Alpes-Maritimes
72%
Caen
72%
Carcassonne
72%
Charleville-Mezières
72%
Dijon
72%
Gap
72%
5 Hautes-Alpes
72%
44 Loire-Atlantique
72%
Montpellier
72%
Strasbourg
72%
Aix-en-Provence
70%
8 Ardennes
70%
Bastia
70%
Brest
70%
16 Charente
70%
17 Charente-Maritime
70%
2A Corse-du-Sud
70%
25 Doubs
70%
27 Eure
70%
33 Gironde
70%
34 Hérault
70%
35 Ille-et-Vilaine
70%
36 Indre
70%
37 Indre-et-Loire
70%
38 Isère
70%
45 Loiret
70%
Lyon
70%
59 Nord
70%
90 Territoire-de-Belfort
70%
Belfort
68%
Besançon
68%
Cannes
68%
19 Corrèze
68%
22 Côtes d'Armor
68%
23 Creuse
68%
24 Dordogne
68%
26 Drôme
68%
30 Gard
68%
2B Haute-Corse
68%
43 Haute-Loire
68%
Metz
68%
Nancy
68%
Pau
68%
69 Rhône
68%
72 Sarthe
68%
Troyes
68%
Valence
68%
78 Yvelines
68%
Annecy
66%
67 Bas-Rhin
66%
15 Cantal
66%
28 Eure-et-Loir
66%
32 Gers
66%
Grenoble
66%
31 Haute-Garonne
66%
52 Haute-Marne
66%
74 Haute-Savoie
66%
65 Hautes-Pyrénées
66%
68 Haut-Rhin
66%
39 Jura
66%
40 Landes
66%
51 Marne
66%
57 Moselle
66%
60 Oise
66%
61 Orne
66%
62 Pas-de-Calais
66%
64 Pyrénées-Atlantiques
66%
66 Pyrénées-Orientales
66%
Reims
66%
Rodez
66%
Saint-Denis
66%
93 Seine-Saint-Denis
66%
85 Vendée
66%
Clermont-Ferrand
64%
21 Côte-d'Or
64%
91 Essonne
64%
971 Guadeloupe
64%
92 Hauts-de-Seine
64%
974 La Réunion
64%
41 Loir-et-Cher
64%
46 Lot
64%
47 Lot-et-Garonne
64%
48 Lozère
64%
50 Manche
64%
972 Martinique
64%
53 Mayenne
64%
54 Meurthe-et-Moselle
64%
Saint-Étienne
64%
76 Seine-Maritime
64%
81 Tarn
64%
94 Val-de-Marne
64%
83 Var
64%
84 Vaucluse
64%
Avignon
62%
Bayonne
62%
Cherbourg
62%
973 Guyane
62%
87 Haute-Vienne
62%
976 Mayotte
62%
55 Meuse
62%
Nîmes
62%
Perpignan
62%
Quimper
62%
73 Savoie
62%
80 Somme
62%
82 Tarn-et-Garonne
62%
Toulon
62%
95 Val-d'Oise
62%
88 Vosges
62%
89 Yonne
62%
Amiens
60%
Angers
60%
Châlons-en-Champagne
60%
Chambéry
60%
Évreux
60%
Foix
60%
Digne-les-Bains
60%
49 Maine-et-Loire
60%
56 Morbihan
60%
Mulhouse
60%
58 Nièvre
60%
Orléans
60%
Poitiers
60%
Rouen
60%
71 Saône-et-Loire
60%
77 Seine-et-Marne
60%
Tours
60%
Versailles
60%
Agen
57%
Bar-le-Duc
57%
Calais
57%
Colmar
57%
Laon
57%
70 Haute-Saône
57%
Laval
57%
Le Havre
57%
Limoges
57%
Narbonne
57%
Privas
57%
63 Puy-de-Dôme
57%
Saint-Malo
57%
Angoulême
55%
Auxerre
55%
Biarritz
55%
Bourges
55%
79 Deux-Sèvres
55%
Périgueux
55%
Arras
53%
Bobigny
53%
Épinal
53%
Évry
53%
Fort-de-France
53%
Le Mans
53%
Mamoudzou
53%
Nanterre
53%
Saint-Lô
53%
Tourcoing
53%
Vannes
53%
Albi
51%
Béziers
51%
Blois
51%
Cayenne
51%
Chartres
51%
Châteauroux
51%
Créteil
51%
Moulins
51%
Montauban
51%
Mont-de-Marsan
51%
Niort
51%
Roubaix
51%
Saint-Brieuc
51%
Saint-Quentin
51%
Tulle
51%
Aurillac
49%
Briançon
49%
Guéret
49%
Lens
49%
Lons-le-Saunier
49%
Lorient
49%
Mâcon
49%
Mende
49%
Nevers
49%
Sedan
49%
Villeurbanne
49%
Alençon
47%
Arles
47%
Beauvais
47%
Cergy
47%
Melun
47%
Saint-Nazaire
47%
Saint-Pierre
47%
Tarbes
47%
Antibes
45%
Auch
45%
Basse-Terre
45%
Brive-la-Gaillarde
43%
Cahors
43%
Calvi
43%
Le Puy-en-Velay
43%
Portovecchio
43%
Chaumont
40%
Roanne
40%
Saint-Paul
40%
Sète
40%
Vichy
40%
Boulogne-Billancourt
38%
Dole
38%
Les Sables-d'Olonne
38%
Meaux
38%
Oyonnax
38%
Soissons
38%
Argenteuil
36%
Dax
36%
Vesoul
36%
Alès
34%
Beaune
34%
Castres
34%
Compiègne
34%
Montbéliard
34%
Montélimar
34%
Rochefort
34%
Millau
32%
Montluçon
32%
Montreuil
32%
Orange
32%
Saint-Dizier
32%
Verdun
32%
Cholet
30%
Dieppe
30%
Fréjus
30%
Lourdes
30%
Pamiers
30%
Pessac
30%
Mérignac
28%
Saint-Claude
28%
Sarcelles
28%
Saumur
28%
Vénissieux
28%
Vierzon
28%
Aix-les-Bains
26%
Albert
26%
Bergerac
26%
Bonifaccio
26%
Dreux
26%
Lannion
26%
Les Abymes
26%
Lisieux
26%
Thionville
26%
Thonon-les-Bains
26%
Annemasse
23%
Chalon-sur-Saône
23%
Colomiers
23%
Creil
23%
Gex
23%
Sens
23%
Albertville
21%
Aubenas
21%
Cognac
21%
Echirolles
21%
Saint-Laurent-du-Maroni
21%
Epernay
19%
Fougères
19%
Hagueneau
19%
La Seyne-sur-Mer
19%
Marmande
19%
Pointe-à-Pitre
19%
Pontarlier
19%
Abbeville
17%
Annonay
17%
Carpentras
17%
Dinan
17%
La Flèche
17%
Manosque
17%
Mantes-la-Jolie
17%
Saint-Dié-des-Vosges
17%
Vire
17%
Amboise
15%
Condom
15%
La Souterraine
15%
Massy
15%
Riom
15%
Royan
15%
Saint-Flour
15%
Vitry-sur-Seine
15%
Castelnaudary
13%
Concarneau
13%
Figeac
13%
Gaillac
13%
Granville
13%
Rethel
13%
Romorantin
13%
Sablé-sur-Sarthe
13%
Saint-Herblain
13%
Saran
13%
Sarreguemines
13%
Tournefeuille
13%
Vendôme
13%
Vernon
13%
Villeneuve-sur-Lot
13%
Argentan
11%
Aubusson
11%
Bressuire
11%
Chateaudun
11%
Chinon
11%
Issoire
11%
Luré
11%
Saint-Germain-en-Laye
11%
Saint-Girons
11%
Sélestat
11%
Sisteron
11%
Thouars
11%
Ussel
11%
Bagnères-de-Bigorre
9%
Champigny-sur-Marne
9%
Gourdon
9%
Issoudun
9%
Le Blanc
9%
Le Creusot
9%
L'Île-Rousse
9%
Olivet
9%
Romilly-sur-Seine
9%
Saint-Affrique
9%
Saint-Louis
9%
Yssingeaux
9%
Bernay
6%
Biscarosse
6%
Canet-en-Roussillon
6%
Chatellerault
6%
Chelles
6%
Embrun
6%
La Chapelle-Saint-Luc
6%
Le Lamentin
6%
Mauriac
6%
Ploemeur
6%
Talant
6%
Uzès
6%
Asnières-sur-Seine
4%
Buxerolles
4%
Corbeil-Essonnes
4%
Dzaoudzi
4%
Flers
4%
Joigny
4%
Le Robert
4%
L'Isle-Jourdain
4%
Longwy
4%
Saint-Amand-Montrond
4%
Trélissac
4%
Vandoeuvre-les-Nancy
4%
Andrézieux
2%
Bourg-lès-Valence
2%
Castelsarrasin
2%
Changé
2%
Decize
2%
Delle
2%
Golbey
2%
Héricourt
2%
Koungou
2%
Langogne
2%
Marjevols
2%
Monistrol-sur-Loire
2%
Saint-Cyprien
2%
Saint-Junien
2%
Challans
0%
Commercy
0%
Joinville
0%
Marzy
0%
Matoury
0%
Moissac
0%
Panazol
0%
Soyaux
0%
Valdoie
0%
Aucun quiz correspondant
Distribution des résultats
% des personnes avec chaque résultat
Percentile par nombre de réponses
Votre historique - résultats
Vous n’avez pas pris ce quiz